[Event "FICGS class C 000105 email"]
[Site "FICGS email"]
[Date "2009.01.16"]
[Round "1"]
[White "Phillips, Tony"]
[Black "Mohan, Ram S"]
[Result "0-1"]
[WhiteElo "1741"]
[BlackElo "1800"]
[PlyCount "74"]
[EventDate "2009.??.??"]
[EventType "tourn (corr)"]
[EventRounds "4"]
[SourceTitle "Corr 2022"]
[Source "ChessBase"]
[SourceDate "2021.10.24"]
[SourceVersion "1"]
[SourceVersionDate "2021.10.24"]
[SourceQuality "1"]

1. e4 c5 2. Nf3 d6 3. Bd3 Nf6 4. Qe2 Bg4 5. Nc3 a6 6. h3 Bxf3 7. Qxf3 Nc6 8. b3 Ne5 9. Qf4 Nxd3+ 10. cxd3 g6 11. Qf3 Qc7 12. Ne2 Bg7 13. 0-0 Nxe4 14. Rb1 Nf6 15. Qf4 Nd5 16. Qf3 e6 17. Ng3 0-0 18. Kh1 Nf6 19. Ne4 Nxe4 20. dxe4 Rad8 21. d3 d5 22. Bf4 Be5 23. Be3 dxe4 24. Qxe4 Rd5 25. f4 Bd4 26. Bd2 Rfd8 27. Qe1 Bg7 28. Bc3 Bxc3 29. Qxc3 Rxd3 30. Qe5 Qc6 31. Rfc1 Rxh3+ 32. Kg1 Rd2 33. Qb8+ Kg7 34. Qe5+ f6 35. Qc7+ Qxc7 36. gxh3 Qxf4 37. Rxc5 Qf2+ 0-1